| 000 | 00887nam a22002777a 4500 | ||
|---|---|---|---|
| 001 | 768714001 | ||
| 003 | CO-MdFUSB | ||
| 005 | 20230608105937.0 | ||
| 008 | 170818t1967 xxu||||| |||| 00| 0 eng d | ||
| 040 |
_aCO-MdFUSB _bspa _cCO-MdFUSB _dCO-MdFUSBC _erda |
||
| 041 | 0 | _aeng | |
| 082 | 0 | 4 |
_a222.11 _222 _bK467h |
| 100 | 1 |
_aKidner, Derek _eautor |
|
| 245 | 1 | 0 |
_aGenesis _b : An introduction and commentary _c / Derek Kidner |
| 264 | 1 |
_aChicago, ILL., USA : _b InterVarsity, _c[1967] |
|
| 264 | 4 | _c©1967 | |
| 300 |
_a224 páginas _c; 19 cm. |
||
| 336 |
_2rdacontent _atexto _btxt |
||
| 337 |
_2rdamedia _asin mediación _bn |
||
| 338 |
_2rdacarrier _avolumen _bnc |
||
| 505 | _aComentario bíblico de Génesis. | ||
| 630 | 0 | 7 |
_aBiblia. _pGénesis _xCrítica, interpretación, etc. |
| 653 | _aBiblia A.T. - Génesis - Comentarios | ||
| 942 | _cBK | ||
| 945 |
_aAEM-53 _bRevisión 08/06/2023 |
||
| 999 |
_c33193 _d33193 |
||